|
|
|
|
| LEADER |
00000nab a2200000 a 4500 |
| 001 |
vtls000812474 |
| 003 |
SK-MaSNL |
| 005 |
20260304211249.0 |
| 008 |
250429c2002 xo 0 slo |
| 015 |
|
|
|a SNBRB2002/11-37448
|
| 035 |
|
|
|a CLN000164129
|
| 035 |
|
|
|a urn:nbn:sk:snk-ab33b6
|
| 035 |
|
|
|a (urnnbn)urn:nbn:sk:snk:ar-a05se2
|
| 035 |
|
|
|a (uuid)d325c7ad-8379-4f36-84b7-7ee7adba084e
|
| 040 |
|
|
|a SNKBUCL
|b slo
|c SNKBUCL
|e AACR2
|
| 041 |
0 |
|
|a eng
|
| 044 |
|
|
|a xo
|c SK
|
| 080 |
|
|
|a 576.895.132:597
|2 1997
|
| 080 |
|
|
|a 595.132:597
|2 1997
|
| 100 |
1 |
|
|a Tanzola, R.D.
|4 aut
|9 1440067
|
| 245 |
1 |
0 |
|a Johnstonmawsonia porichthydis n. sp. (Nematoda: Rhabdoconidae) from Porichthys porosissimus (Pisces: Batrachoidiformes)
|c R.D. Tanzola, G. Gigola
|
| 300 |
|
|
|b Obr.
|
| 504 |
|
|
|a Res. angl.
|
| 504 |
|
|
|a Bibliogr. odkazy
|
| 650 |
0 |
7 |
|a ryby
|2 SNKPH
|9 2750
|
| 650 |
0 |
7 |
|a pankreas
|2 SNKPH
|9 18643
|
| 650 |
0 |
7 |
|a patológia
|2 SNKPH
|9 900
|
| 650 |
0 |
7 |
|a parazitológia
|2 SNKPH
|9 19985
|
| 650 |
0 |
7 |
|a epidemiológia
|2 SNKPH
|9 836
|
| 650 |
0 |
7 |
|a hlístice
|2 SNKPH
|9 19982
|
| 650 |
0 |
7 |
|a infekcie
|2 SNKPH
|9 685
|
| 655 |
|
7 |
|a články z novín a časopisov
|2 SNK
|9 267496
|
| 700 |
1 |
|
|a Gigola, G.
|4 aut
|9 1543298
|
| 773 |
0 |
|
|t Helminthologia
|g Roč. 39, č. 2 (2002), s. 99-102
|x 0440-6605
|
| 850 |
|
|
|a Slovenská národná knižnica
|
| 852 |
|
|
|a Slovenská národná knižnica
|
| 958 |
|
|
|a article27
|
| 958 |
|
|
|a NB
|
| 958 |
|
|
|a MI
|
| 958 |
|
|
|a OND
|
| 958 |
|
|
|a EUIPO
|
| 992 |
|
|
|a RBX
|
| 999 |
|
|
|c 3128921
|d 3130851
|